| 000 | 00911nam a22002297a 4500 | ||
|---|---|---|---|
| 001 | 79174 | ||
| 003 | BD-RjUL | ||
| 005 | 20220113112615.0 | ||
| 008 | 220113r20212020bg ||||| |||| 00| 0 ben d | ||
| 020 |
_a9789840425938 _c: Tk.700.00 |
||
| 035 | _a(BD-RjUL)79174 | ||
| 040 |
_aBD-RjUL _beng _cBD-RjUL |
||
| 041 | _aben | ||
| 082 |
_223 _a954.9205092 _bSHB 2021 |
||
| 100 |
_aশাহ্, ডি. এম. ফিরোজ _9716 |
||
| 245 |
_aবঙ্গবন্ধুর শিক্ষা দর্শন / _cডি. এম. ফিরোজ শাহ্ |
||
| 260 |
_aঢাকা : _bআগামী প্রকাশনী, _c২০২০ [মূদ্রণ ২০২১] |
||
| 300 |
_a৩১১ পৃ.; _c২২ সেমি. |
||
| 600 |
_aমুজিবুর রহমান, _cশেখ, _d১৯২০-১৯৭৫ |
||
| 600 |
_aMujibur Rahman, _cSheikh, _d1920-1975 |
||
| 942 |
_2ddc _cBK |
||
| 999 |
_c79174 _d79174 |
||